| 000 | 00666nam a22002177a 4500 | ||
|---|---|---|---|
| 003 | BD-DhJNU | ||
| 005 | 20250526040014.0 | ||
| 008 | 250421b |||||||| |||| 00| 0 eng d | ||
| 020 | _a0803917937 | ||
| 020 | _a0803917945 | ||
| 040 |
_aBD-DhJNU _bENG _cBD-DhJNU _dBD-DhJNU |
||
| 082 |
_223 _a658.45 |
||
| 100 | _aGreenbaum, Howard H | ||
| 245 |
_aOrganizational communication : _babstracts, analysis, and overview / _cHoward H. Greenbaum and Raymond L. Falcione |
||
| 260 |
_aNew Delhi : _bSage Publications, _c1982. |
||
| 300 |
_a400 p. : _c21 cm. |
||
| 504 | _aincludes index | ||
| 650 | _aCommunication | ||
| 700 | _aFalcione, L Raymond | ||
| 942 |
_2ddc _cBK _n0 |
||
| 999 |
_c1591 _d1591 |
||